| 000 | 00765 a2200157 4500 | ||
|---|---|---|---|
| 003 | Nust | ||
| 005 | 20170207154030.0 | ||
| 040 | _cNust | ||
| 100 | _aTony R. Kuphaldt | ||
| 245 |
_aLessons In Electric Circuits, Volume V Reference (E-Book) _cTony R. Kuphaldt |
||
| 250 | _a4th ed | ||
| 260 | _c°c 2000-2003, | ||
| 300 | _a157 P; | ||
| 505 | _a1 USEFUL EQUATIONS AND CONVERSION FACTORS(Page-1) 2 RESISTOR COLOR CODES (Page-13) 3 CONDUCTOR AND INSULATOR TABLES (Page-17) 4 ALGEBRA REFERENCE(Page-23) 5 TRIGONOMETRY REFERENCE (Page-39) 6 CALCULUS REFERENCE (Page-43) 7 USING THE SPICE CIRCUIT SIMULATION PROGRAM (Page-49) 8 TROUBLESHOOTING { THEORY AND PRACTICE (Page-101) 9 CIRCUIT SCHEMATIC SYMBOLS (Page-115) 13 DESIGN SCIENCE LICENSE(Page-141) | ||
| 651 | _a(E-Book) | ||
| 942 |
_2ddc _cBK |
||
| 999 |
_c192101 _d192101 |
||